01151nam a2200193Ia 4500001001100000003001000011008004100021040002500062041001300087100001700100245006400117250001100181260009000192300001300282500026000295501011400555520026000669650002800929L906-40018IT-CnALBA170116s9999||||xx |||||||||||||| ||und|| aIT-CnALBAcIT-CnALBA aITALIANO aGAETA FRANCO 0aDOCUMENTI E TESTIMONIANZE. ANTOLOGIA DI DOCUMENTI STORICI.  a2a ed. a MI, RO, MESSINAbPRINCIPATO G. EDIT. c1974 [1° Ed.:1967 - Ed.Ling.Originale: 1967] a1095 p.  aIX RISTAMPE, 1974. GLOSSARIO. SAN BENEDETTO. EDITTO DI TEODORICO. CORANO. EDITTO DI ROTARI. IMPERO CAROLINGIO. CARLO MAGNO. LA ERESIA DEL MEDIOEVO. SCOMUNICA DI ENRICO IV. DIETA DI RONCAGLIA. PACE DI COSTANZA. COSTITUZIONI DI FEDERICO II. LA TEORIA CONCIL aSocietà San Paolo EM - Piazza San Paolo, 14 - 12051 ALBA (CN) (non commercial uses only) ® Copyright 2017 aIX RISTAMPE, 1974. GLOSSARIO. SAN BENEDETTO. EDITTO DI TEODORICO. CORANO. EDITTO DI ROTARI. IMPERO CAROLINGIO. CARLO MAGNO. LA ERESIA DEL MEDIOEVO. SCOMUNICA DI ENRICO IV. DIETA DI RONCAGLIA. PACE DI COSTANZA. COSTITUZIONI DI FEDERICO II. LA TEORIA CONCIL aORGANIZZAZIONI STORICHE